| 000 | 00631 a2200181 4500 | ||
|---|---|---|---|
| 999 |
_c1626 _d1626 |
||
| 020 | _a0935487808 | ||
| 050 | _aHB171.2 STI 2003 | ||
| 100 |
_aStich, Paul _eauthor |
||
| 245 |
_aEconomics : _bcrosscurrents of the American dream / _cPaul Stich an Geoerge habib, edited by Wayne Garnsey and Judith Shuback |
||
| 264 |
_aNew York : _bN & N Publishing Company, _cc2003 |
||
| 300 |
_a255p. : _bill. |
||
| 500 | _aIncludes bibliographical references | ||
| 650 |
_aEconomics _xUnited States |
||
| 700 |
_aHabib, George _eauthor |
||
| 700 |
_aGarnsey, Wayne _eeditor |
||
| 700 |
_aShuback, Judith _eauthor |
||
| 942 |
_2lcc _cBK _h171.5 _iSTI _kHB |
||